Library of the University of Algiers 3
Ibrahim Sultan Cheibout
شعار جامعة الجزائر 3
مكتبة جامعة الجزائر 3
إبراهيم سلطان شيبوط

المعوقات والمشاكل الاجرائية في المنافذ وتأثيرها على حركة التجارة بين الدول العربية / (رقم التسجيلة. 45084)

تفاصيل مارك
000 -LEADER
fixed length control field 01560nam a2200253Ia 4500
003 - CONTROL NUMBER IDENTIFIER
control field Ost
005 - DATE AND TIME OF LATEST TRANSACTION
control field 20260507075612.0
008 - FIXED-LENGTH DATA ELEMENTS--GENERAL INFORMATION
fixed length control field 260507s9999||||xx |||||||||||||| ||und||
040 ## - CATALOGING SOURCE
Transcribing agency fsecg
041 ## - LANGUAGE CODE
Language code of text/sound track or separate title ara
082 ## - DEWEY DECIMAL CLASSIFICATION NUMBER
Classification number 382.0956
100 ## - MAIN ENTRY--PERSONAL NAME
Personal name مجموعة خبراء
Relator term مؤلف
245 #0 - TITLE STATEMENT
Title المعوقات والمشاكل الاجرائية في المنافذ وتأثيرها على حركة التجارة بين الدول العربية /
Statement of responsibility, etc. مجموعة خبراء
260 ## - PUBLICATION, DISTRIBUTION, ETC.
Place of publication, distribution, etc. القاهرة:
Name of publisher, distributor, etc. المنظمة العربية للتنمية الادارية,
Date of publication, distribution, etc. 2000
300 ## - PHYSICAL DESCRIPTION
Extent 434 صفحة؛
Other physical details إيضاحات ؛
Dimensions 24 سم
490 ## - SERIES STATEMENT
Series statement بحوث ودراسات المنظمة العربية للتنمية الإدارية
504 ## - BIBLIOGRAPHY, ETC. NOTE
Bibliography, etc. note الملاحق ص.408
520 ## - SUMMARY, ETC.
Summary, etc. التجارة العربية البينية في ظل قيام منطقة التجارة الحرة العربية الكبرى، الوضع القائم للممارسات والاجراءات عند منافذ العبور، النقل البري وعلاقته بالنوافي الاجرائية في المنافذ الحدودية، الاتفاقات العربية والدولية لتسهيل حركة النقل الدولي والعابر وتنمية التبادل التجاري، النتائج والتوصيات
653 ## - INDEX TERM--UNCONTROLLED
Uncontrolled term التجارة الدولية
653 ## - INDEX TERM--UNCONTROLLED
Uncontrolled term التجارة العربية
653 ## - INDEX TERM--UNCONTROLLED
Uncontrolled term العالم العربي
700 ## - ADDED ENTRY--PERSONAL NAME
Personal name لاشين، عبد القادر فتحي
Relator term مؤلف ثانوي
942 ## - ADDED ENTRY ELEMENTS (KOHA)
Koha item type كتب
المقتنيات
Withdrawn status Lost status Source of classification or shelving scheme Damaged status Not for loan Home library Current library Date acquired Serial enumeration / chronology Inventory number Total checkouts Full call number Barcode Date last seen Price effective from Koha item type
    Dewey Decimal Classification   NOT LOAN / إعارة داخلية مكتبة كلية العلوم الإقتصادية والعلوم التجارية وعلوم التسيير مكتبة كلية العلوم الإقتصادية والعلوم التجارية وعلوم التسيير 07/05/2026 الطابق الأرضي 615/1   أ/615ن1 615/1 07/05/2026 07/05/2026 كتب

موارد الويب المفتوحة


© University of Algiers 3 All Rights Reserved
|
Implemented by LECHELAH Riad